zpět

Detail výsledku týmu

Hotel Lužan, Rumburk

Datum a čas kvízu

32.5 Celkem bodů Celkový počet nahraných bodů na tomto kvízu bez doplňovacích otázek.
4. Pořadí na kvízu Konečné umístění týmu na tomto kvízu.

Zaznamenané odpovědi

# Otázka Odpověď Body Výsledky
1. Minulý týden bylo rozhodnuto o... Guru Jára (Óm Nadsamec) 1
2. Tradiční mistrovství světa, v... dýně (tykev) 1
3. V sobotu začal po dvouleté pře... Adamczykovi 1
4. Společnost Microsoft v pátek d... Activision Blizzard 0
5. Napište, ve kterém sportu získ... plážový volejbal, Mexiko 1
6. Že se pravěk tradičně dělí na... halštatská, laténská 0.5
7. Lovci mamutů od Eduarda Štorch... Kopčem 1
8. Tento seriál jistě poznáte. Na... Fred Flintstone 1
9. Uveďte českou podobu druhového... moudrý (i rozumný) 1
10. Ve kterém státě najdeme jeskyn... ve Francii 1